Jungle Stories/ (Record no. 207698)

MARC details
000 -LEADER
fixed length control field 00550nam a22001937a 4500
005 - DATE AND TIME OF LATEST TRANSACTION
control field 20241213150940.0
010 ## - LCCN (DPL NO)
LC control number B-761456
020 ## - INTERNATIONAL STANDARD BOOK NUMBER
International Standard Book Number 9788195889563
Terms of availability 450.00
035 ## - SYSTEM CONTROL NUMBER
System control number B-761456
037 ## - SOURCE OF ACQUISITION
Source of stock number/acquisition Gift
082 ## - DEWEY DECIMAL CLASSIFICATION NUMBER
Classification number S
100 ## - MAIN ENTRY--PERSONAL NAME
Personal name Pandey, Kunal
245 ## - TITLE STATEMENT
Title Jungle Stories/
Statement of responsibility, etc Kunal Pandey
260 ## - PUBLICATION, DISTRIBUTION, ETC. (IMPRINT)
Place of publication, distribution, etc Delhi
Date of publication, distribution, etc 202?
Name of publisher, distributor, etc Gyan Geeta Prakashan
270 ## - ADDRESS
Address F-7, Gali No, 1. Panchshil Garden
City Delhi
Postal code 110032
300 ## - PHYSICAL DESCRIPTION
Extent 114p.
Other physical details col.ill
Dimensions 22cm(hb)
942 ## - ADDED ENTRY ELEMENTS (KOHA)
Source of classification or shelving scheme Dewey Decimal Classification
Item type Children Books
Call number suffix PAN
Classification part S
Holdings
Withdrawn status Lost status Not for loan Collection code Home library Current library Date acquired Source of acquisition Cost, normal purchase price Full call number Barcode Copy number Cost, replacement price Koha item type Public note
      Fiction Central Library Central Library 13/12/2024 Gift/9.12.24 450.00 PAN S B-761456 1 450.00 Children Books Gift

© Delhi Public Library
Hit Counter
free hit counter